Modern information retrieval : (Record no. 19906)

MARC details
000 -LEADER
fixed length control field 00834cam a22002415a 4500
001 - CONTROL NUMBER
control field 16541986
005 - DATE AND TIME OF LATEST TRANSACTION
control field 20151029153325.0
008 - FIXED-LENGTH DATA ELEMENTS--GENERAL INFORMATION
fixed length control field 101117s2011 enka frb 001 0 eng
020 ## - INTERNATIONAL STANDARD BOOK NUMBER
International Standard Book Number 9780321416919
040 ## - CATALOGING SOURCE
Original cataloging agency DLC
Language of cataloging eng
Transcribing agency DLC
Modifying agency DLC
-- EG-ScBUE
082 04 - DEWEY DECIMAL CLASSIFICATION NUMBER
Classification number 025.04
Edition number 22
Item number BAE
100 1# - MAIN ENTRY--PERSONAL NAME
Personal name Baeza-Yates, R.
9 (RLIN) 38611
Fuller form of name (Ricardo)
245 10 - TITLE STATEMENT
Title Modern information retrieval :
Remainder of title the concepts and technology behind search /
Statement of responsibility, etc Ricardo Baeza-Yates, Berthier Ribeiro-Neto.
250 ## - EDITION STATEMENT
Edition statement 2nd ed.
260 ## - PUBLICATION, DISTRIBUTION, ETC. (IMPRINT)
Place of publication, distribution, etc Harlow :
Name of publisher, distributor, etc Pearson Education Limited / Addison Wesley,
Date of publication, distribution, etc 2011.
300 ## - PHYSICAL DESCRIPTION
Extent xxx, 913 p. :
Other physical details ill. ;
Dimensions 24 cm
500 ## - GENERAL NOTE
General note Index : p. 893-913.
504 ## - BIBLIOGRAPHY, ETC. NOTE
Bibliography, etc Bibliography : p. 761-891.
650 #0 - SUBJECT ADDED ENTRY--TOPICAL TERM
Topical term or geographic name as entry element Information retrieval.
Source of heading or term BUEsh
653 ## - INDEX TERM--UNCONTROLLED
Resource For college Informatics and Computer Science
Arrived date list June2015
-- October2015
700 1# - ADDED ENTRY--PERSONAL NAME
Personal name Ribeiro-Neto, Berthier
Dates associated with a name 1960-
942 ## - ADDED ENTRY ELEMENTS (KOHA)
Source of classification or shelving scheme Dewey Decimal Classification
Holdings
Withdrawn status Lost status Source of classification or shelving scheme Damaged status Not for loan Koha collection Home library Current library Shelving location Date acquired Source of acquisition Cost, normal purchase price Serial Enumeration / chronology Total Checkouts Full call number Barcode Date last seen Cost, replacement price Koha item type
    Dewey Decimal Classification     Alahram Central Library Central Library Lower Floor 24/06/2015   199.00 311   025.04 BAE 000038953 15/07/2025 248.75 Book - Borrowing
    Dewey Decimal Classification     Baccah Central Library Central Library Lower Floor 12/02/2019 Purchase 532.00 20201   025.04 BAE 000044174 15/07/2025 665.00 Book - Borrowing